[Event "24. Copenhagen Open  (Politiken Cup)"]
[Site "Copenhagen"]
[Date "2002.07.20"]
[Round "6"]
[White "Pedersen, Kaj Vinding"]
[Black "Hein, Jacob"]
[Result "1-0"]
[WhiteElo "1529"]
[BlackElo "1305"]
[PlyCount "123"]
[EventDate "2002.07.15"]
[EventType "swiss"]
[EventRounds "11"]
[EventCountry "DEN"]
[SourceDate "2004.01.01"]

1. d4 Nf6 2. Nf3 g6 3. c3 b6 4. g3 Bb7 5. Bg2 d6 6. O-O Nbd7 7. Qa4 c6 8. Nbd2
b5 9. Qb3 a5 10. a4 Rb8 11. axb5 cxb5 12. Ng5 d5 13. Qxb5 Bh6 14. Ndf3 Ne4 15.
Qxa5 Qc8 16. Bf4 Ra8 17. Qb4 Bf8 18. Qb3 e6 19. Rfd1 Bd6 20. Bxd6 Nxd6 21. Nd2
O-O 22. Ra3 h6 23. Ngf3 Qc6 24. Rda1 Rxa3 25. Rxa3 Rb8 26. Qa2 Qb5 27. Bf1 Nb6
28. Ne5 Kg7 29. Qb3 f6 $11 30. Qxb5 Nxb5 31. Rb3 fxe5 32. Rxb5 Nd7 33. e3 Kf6
34. c4 Ke7 35. dxe5 Nxe5 36. cxd5 Nd7 37. dxe6 Kxe6 38. Bh3+ Kd6 39. Bxd7 Kxd7
40. Rb6 Kc7 41. Rxg6 Rd8 42. Nf1 h5 43. h4 Bf3 44. Rg5 Rd1 45. Rc5+ Kd6 46. Rc2
Re1 47. b4 Bb7 48. f4 Ba6 49. Rf2 Ke6 50. f5+ Kf6 51. Rf4 Bb5 52. Kg2 Re2+ 53.
Rf2 Re1 54. Nd2 Rxe3 55. Kh3 Re1 56. Nf3 Rb1 57. Nd4 Bf1+ 58. Kh2 Bd3 59. g4
hxg4 60. Kg3 Rxb4 61. Rf4 Ke5 62. Nc6+ 1-0

[Event "24. Copenhagen Open  (Politiken Cup)"]
[Site "Copenhagen"]
[Date "2002.07.20"]
[Round "6"]
[White "Preuss, Flemming"]
[Black "Borvander, Tom"]
[Result "0-1"]
[WhiteElo "2063"]
[BlackElo "2166"]
[PlyCount "50"]
[EventDate "2002.07.15"]
[EventType "swiss"]
[EventRounds "11"]
[EventCountry "DEN"]
[SourceDate "2004.01.01"]

1. e4 e5 2. Nf3 Nc6 3. d4 exd4 4. c3 d3 5. Bxd3 d6 6. Nd4 Nf6 7. O-O Be7 8. f4
O-O 9. Nd2 h6 10. N2f3 Nxd4 11. cxd4 d5 12. e5 Ne4 13. Qc2 Bf5 14. Nd2 c5 15.
Nxe4 dxe4 16. Bc4 cxd4 17. Qe2 Bc5 18. Kh1 Qh4 19. Bd2 d3 20. Qe1 Qxe1 21.
Raxe1 Rfd8 22. h3 e3 23. Bxe3 d2 24. Bxc5 dxe1=Q 25. Rxe1 Rac8 0-1

[Event "24. Copenhagen Open  (Politiken Cup)"]
[Site "Copenhagen"]
[Date "2002.07.20"]
[Round "6"]
[White "Rasmussen, Poul"]
[Black "Korsgaard, Peter"]
[Result "0-1"]
[WhiteElo "1428"]
[BlackElo "1956"]
[PlyCount "42"]
[EventDate "2002.07.15"]
[EventType "swiss"]
[EventRounds "11"]
[EventCountry "DEN"]
[SourceDate "2004.01.01"]

1. e4 d6 2. d4 Nf6 3. Nc3 g6 4. Nf3 Bg7 5. Be2 O-O 6. O-O c6 7. h3 Nbd7 8. Be3
e5 9. dxe5 dxe5 10. Qd2 Re8 11. Bd3 Qc7 12. Ne2 Nf8 13. c3 Bd7 14. Qc2 Ne6 15.
Nh4 Nh5 16. Nf5 gxf5 17. exf5 Nef4 18. Bxf4 Nxf4 19. Nxf4 exf4 20. f6 Bxf6 21.
Bxh7+ Kg7 0-1

[Event "24. Copenhagen Open  (Politiken Cup)"]
[Site "Copenhagen"]
[Date "2002.07.20"]
[Round "6"]
[White "Raunkjar, Jonas"]
[Black "Tandrup, Michael"]
[Result "1/2-1/2"]
[WhiteElo "1702"]
[BlackElo "1874"]
[PlyCount "79"]
[EventDate "2002.07.15"]
[EventType "swiss"]
[EventRounds "11"]
[EventCountry "DEN"]
[SourceDate "2004.01.01"]

1. e4 e6 2. d4 d5 3. exd5 exd5 4. Be3 Bd6 5. c3 Nf6 6. h3 c6 7. Bd3 h6 8. Nd2
Be6 9. Ne2 Qe7 10. Qc2 Nbd7 11. O-O-O b5 12. Nf4 Nf8 13. Nxe6 Nxe6 14. Rde1
O-O-O 15. Bf5 Kb7 16. Bxe6 fxe6 17. Re2 Qf7 18. Rhe1 Rhe8 19. Nf3 Ne4 20. Nd2
Nf6 21. Nf3 Nd7 22. Bd2 Bf4 23. Bxf4 Qxf4+ 24. Qd2 Qf6 25. Ne5 Nxe5 26. Rxe5
Rd7 27. f4 Rde7 28. Qe3 Kc7 29. f5 Kd7 30. Rxe6 Rxe6 31. fxe6+ Rxe6 32. Qxe6+
Qxe6 33. Rxe6 Kxe6 34. Kd2 Kf5 35. Ke3 g6 36. Kf3 a5 37. b4 axb4 38. cxb4 Kg5
39. g3 Kf5 40. Ke3 1/2-1/2

[Event "24. Copenhagen Open  (Politiken Cup)"]
[Site "Copenhagen"]
[Date "2002.07.20"]
[Round "6"]
[White "Rodriguez Vinuesa, Azahara"]
[Black "Hansen, Torbjorn Ringdal"]
[Result "0-1"]
[WhiteElo "2095"]
[BlackElo "2280"]
[PlyCount "72"]
[EventDate "2002.07.15"]
[EventType "swiss"]
[EventRounds "11"]
[EventCountry "DEN"]
[SourceDate "2004.01.01"]

1. e4 e5 2. Bc4 Nf6 3. d3 Nc6 4. Nc3 Na5 5. Bb3 Nxb3 6. axb3 Bb4 7. Nge2 d6 8.
O-O c6 9. Ng3 Bg4 10. f3 Be6 11. f4 Bc5+ 12. Kh1 Ng4 13. h3 Nf2+ 14. Rxf2 Bxf2
15. Qf3 exf4 16. Qxf2 fxg3 17. Qxg3 O-O 18. Bf4 d5 19. Rf1 Kh8 20. Bd6 Rg8 21.
exd5 cxd5 22. Ne2 a5 23. Nd4 Ra6 24. Nxe6 fxe6 25. Be5 Qe7 26. h4 Qe8 27. Rf4
Ra8 28. Rg4 Qf7 29. Rg5 Raf8 30. h5 h6 31. Rg6 Kh7 32. Kh2 Qd7 33. d4 Rf5 34.
Qg4 Qf7 35. Kg1 Rxh5 36. Rxe6 Rf8 0-1

[Event "24. Copenhagen Open  (Politiken Cup)"]
[Site "Copenhagen"]
[Date "2002.07.20"]
[Round "6"]
[White "Rosenkilde, Alexander"]
[Black "Eriksson, Magnus"]
[Result "0-1"]
[WhiteElo "1639"]
[BlackElo "2010"]
[PlyCount "45"]
[EventDate "2002.07.15"]
[EventType "swiss"]
[EventRounds "11"]
[EventCountry "DEN"]
[SourceDate "2004.01.01"]

1. e4 c5 2. d4 cxd4 3. c3 g6 4. Nf3 Nc6 5. Bc4 dxc3 6. Nxc3 Bg7 7. O-O Nf6 8.
Qe2 O-O 9. Rd1 Qa5 10. Bf4 d6 11. a3 Bg4 12. h3 Bxf3 13. Qxf3 Ne5 14. Bxe5 Qxe5
15. Rac1 Rac8 16. b3 a6 17. a4 Rc5 18. Bd5 Rfc8 19. Ne2 Rxc1 20. Rxc1 Rxc1+ 21.
Nxc1 Nxd5 22. exd5 Qe1+ 23. Kh2 0-1

[Event "24. Copenhagen Open  (Politiken Cup)"]
[Site "Copenhagen"]
[Date "2002.07.20"]
[Round "6"]
[White "Rossen, Claus"]
[Black "Pert, Richard G"]
[Result "1/2-1/2"]
[WhiteElo "2185"]
[BlackElo "2357"]
[PlyCount "188"]
[EventDate "2002.07.15"]
[EventType "swiss"]
[EventRounds "11"]
[EventCountry "DEN"]
[SourceDate "2004.01.01"]

1. d4 Nf6 2. Nf3 g6 3. c4 Bg7 4. Nc3 d5 5. Bg5 Ne4 6. cxd5 Nxg5 7. Nxg5 e6 8.
dxe6 Qxg5 9. exf7+ Kxf7 10. e3 Re8 11. Bc4+ Kf8 12. O-O Nc6 13. Qf3+ Qf5 14.
Qg3 Na5 15. Qxc7 Nxc4 16. Qxc4 Qf7 17. Qxf7+ Kxf7 18. Nb5 Rd8 19. Rac1 a6 20.
Rc7+ Kf8 21. Na3 b5 22. Rfc1 Be6 23. b3 Rac8 24. Kf1 Rxc7 25. Rxc7 Rc8 26.
Rxc8+ Bxc8 27. f3 Ke7 28. Ke2 Kd6 29. Kd3 Kc6 30. Nb1 a5 31. Nd2 Ba6 32. g3 Bf8
33. e4 a4 34. f4 Kb6 35. Nf3 Be7 36. Ne5 Bb7 37. Ke3 Kc7 38. g4 Bc8 39. g5 Be6
40. d5 Bc5+ 41. Kd3 Bh3 42. bxa4 bxa4 43. Ke2 Bg2 44. Nf3 Kd6 45. h4 a3 46. Nd2
Bb4 47. Nf3 Bc5 48. Nd2 Bb4 49. Nf3 Kc5 50. Kf2 Bh1 51. Ke3 Bxf3 52. Kxf3 Kd4
53. f5 gxf5 54. exf5 Kxd5 55. h5 Bc3 56. h6 Kd6 57. Ke3 Ke7 58. Kd3 Bb2 59. g6
Kf6 60. gxh7 Kxf5 61. Kc2 Kg6 62. Kb3 Kxh7 63. Kc2 Kxh6 64. Kd3 Kg5 65. Kc2 Kf4
66. Kb1 Ke4 67. Kc2 Be5 68. Kb1 Bd6 69. Kc2 Kd4 70. Kb1 Kc3 71. Kc1 Bc5 72. Kb1
Be7 73. Ka1 Kd3 74. Kb1 Kd2 75. Ka1 Kc3 76. Kb1 Bf6 77. Kc1 Bh8 78. Kb1 Bg7 79.
Kc1 Kd3 80. Kb1 Ke2 81. Kc2 Bb2 82. Kb1 Be5 83. Kc2 Ke3 84. Kb1 Bf4 85. Kc2 Ke2
86. Kb1 Kd2 87. Ka1 Kc3 88. Kb1 Bh6 89. Ka1 Bg5 90. Kb1 Bf6 91. Kc1 Kd3 92. Kb1
Kc3 93. Kc1 Kd3 94. Kb1 Kd2 1/2-1/2

[Event "24. Copenhagen Open  (Politiken Cup)"]
[Site "Copenhagen"]
[Date "2002.07.20"]
[Round "6"]
[White "Royset, Paal"]
[Black "Tidman, Sophie E"]
[Result "0-1"]
[WhiteElo "2252"]
[BlackElo "2139"]
[PlyCount "80"]
[EventDate "2002.07.15"]
[EventType "swiss"]
[EventRounds "11"]
[EventCountry "DEN"]
[SourceDate "2004.01.01"]

1. e4 e6 2. d4 d5 3. Nc3 Bb4 4. e5 c5 5. a3 Bxc3+ 6. bxc3 Ne7 7. Nf3 Qa5 8. Bd2
Nbc6 9. a4 O-O 10. Bd3 f6 11. O-O c4 12. Be2 Qc7 13. exf6 Rxf6 14. Nh4 Bd7 15.
g3 e5 16. dxe5 Qxe5 17. f4 Qc7 18. Be3 Rd8 19. Rf2 Kh8 20. Bf3 Nf5 21. Nxf5
Bxf5 22. Rd2 Rfd6 23. Qe2 Qa5 24. Ra3 b5 25. Bc5 Re6 26. Qf2 b4 27. cxb4 Nxb4
28. Bd4 Rde8 29. Bc3 Re1+ 30. Kg2 Rb1 31. Rxd5 Qxd5 32. Bxd5 Nxd5 33. Be5 Rc1
34. Ra2 c3 35. Qxa7 Nf6 36. Qe3 Be4+ 37. Kh3 Bf5+ 38. Kh4 Rh1 39. Qe2 Re6 40.
Qg2 Ne4 0-1

[Event "24. Copenhagen Open  (Politiken Cup)"]
[Site "Copenhagen"]
[Date "2002.07.20"]
[Round "6"]
[White "Rusanov, Alex"]
[Black "Hansen, Martin Holmegaard"]
[Result "0-1"]
[WhiteElo "1429"]
[BlackElo "1926"]
[PlyCount "42"]
[EventDate "2002.07.15"]
[EventType "swiss"]
[EventRounds "11"]
[EventCountry "DEN"]
[SourceDate "2004.01.01"]

1. e4 e6 2. d4 d5 3. exd5 exd5 4. c3 Bd6 5. Bd3 Nc6 6. Ne2 Qh4 7. Nd2 Bg4 8.
Nb3 O-O-O 9. Be3 Re8 10. Qc2 Rxe3 11. g3 Bxg3 12. fxg3 Qh5 13. h3 Nh6 14. Kf2
Bxe2 15. Bxe2 Qg5 16. Rag1 Rhe8 17. Bd1 R8e6 18. Rg2 Rf6+ 19. Kg1 Nf5 20. Nc1
Nxg3 21. Ne2 Rf1+ 0-1

[Event "24. Copenhagen Open  (Politiken Cup)"]
[Site "Copenhagen"]
[Date "2002.07.20"]
[Round "6"]
[White "Sandbech, Ted"]
[Black "Bogdanov, Max"]
[Result "1-0"]
[WhiteElo "1516"]
[BlackElo "1302"]
[PlyCount "81"]
[EventDate "2002.07.15"]
[EventType "swiss"]
[EventRounds "11"]
[EventCountry "DEN"]
[SourceDate "2004.01.01"]

1. Nf3 d5 2. d4 Nf6 3. c4 c6 4. Nc3 e6 5. e3 Be7 6. Be2 Nbd7 7. O-O O-O 8. Qc2
c5 9. cxd5 exd5 10. Rd1 Nb6 11. b3 Be6 12. Bb2 Rc8 13. Rac1 c4 14. Qb1 Qd7 15.
bxc4 Nxc4 16. Bxc4 Rxc4 17. Ne5 Qd6 18. Nxc4 dxc4 19. Ne4 Nxe4 20. Qxe4 Bd5 21.
Qg4 f5 22. Qg3 Qc6 23. f3 b5 24. e4 fxe4 25. fxe4 Bxe4 26. d5 Bc5+ 27. Kh1 Qd7
28. Qe5 Bd3 $11 29. Qe6+ Qxe6 30. dxe6 Re8 31. Re1 Bf5 32. Re5 c3 33. Bxc3 Ba3
34. Rce1 Bd3 35. e7 Kf7 36. R5e3 Bc4 37. Rf3+ Kg6 38. Rg3+ Kh6 39. Bxg7+ Kh5
40. Re5+ Kh4 41. Bf6# 1-0

[Event "24. Copenhagen Open  (Politiken Cup)"]
[Site "Copenhagen"]
[Date "2002.07.20"]
[Round "6"]
[White "Schmied, Andreas"]
[Black "Robertsen, Thomas"]
[Result "0-1"]
[WhiteElo "2134"]
[BlackElo "2022"]
[PlyCount "51"]
[EventDate "2002.07.15"]
[EventType "swiss"]
[EventRounds "11"]
[EventCountry "DEN"]
[SourceDate "2004.01.01"]

1. Nf3 Nf6 2. c4 g6 3. Nc3 Bg7 4. e4 d6 5. d4 O-O 6. g3 Nbd7 7. Bg2 e5 8. O-O
exd4 9. Nxd4 Re8 10. h3 Nc5 11. Re1 Bd7 12. b4 Ne6 13. Be3 a5 14. b5 Nc5 15.
Qc2 Qc8 16. Kh2 Re5 17. Nd5 Nxd5 18. exd5 Bxh3 19. Bxh3 Rh5 20. Nf5 gxf5 21.
Bf4 Bxa1 22. Rxa1 Qe8 23. Qd1 f6 24. Qf3 Qg6 25. Rg1 Qg4 26. Qg2 0-1

[Event "24. Copenhagen Open  (Politiken Cup)"]
[Site "Copenhagen"]
[Date "2002.07.20"]
[Round "6"]
[White "Soraas, Torben"]
[Black "Olsson, Tomas"]
[Result "1/2-1/2"]
[WhiteElo "1776"]
[BlackElo "2109"]
[PlyCount "70"]
[EventDate "2002.07.15"]
[EventType "swiss"]
[EventRounds "11"]
[EventCountry "DEN"]
[SourceDate "2004.01.01"]

1. e4 e5 2. Nf3 Nc6 3. Bb5 a6 4. Ba4 d6 5. c3 f5 6. d3 Nf6 7. Nbd2 Be7 8. exf5
Bxf5 9. Nf1 b5 10. Bc2 d5 11. Ng3 Bd7 12. Qe2 Bd6 13. Nxe5 Nxe5 14. d4 O-O 15.
dxe5 Bxe5 16. O-O Bd6 17. Bg5 g6 18. f4 Qe8 19. Qf3 Bc5+ 20. Kh1 Qe3 21. Qxe3
Bxe3 22. Rae1 Rae8 23. Rf3 Bd2 24. Rxe8 Bxe8 25. Ne2 Ne4 26. Bh6 Rf6 27. Nd4 c5
28. Nb3 Bc6 29. Nxd2 Nxd2 30. Rf2 Re6 31. h3 Re1+ 32. Kh2 Nf1+ 33. Kg1 Ng3+ 34.
Kh2 d4 35. cxd4 Nf5 1/2-1/2

[Event "24. Copenhagen Open  (Politiken Cup)"]
[Site "Copenhagen"]
[Date "2002.07.20"]
[Round "6"]
[White "Spanton, Timothy"]
[Black "Jorgensen, Carina E"]
[Result "0-1"]
[WhiteElo "2008"]
[BlackElo "1643"]
[PlyCount "76"]
[EventDate "2002.07.15"]
[EventType "swiss"]
[EventRounds "11"]
[EventCountry "DEN"]
[SourceDate "2004.01.01"]

1. Nf3 c5 2. c4 Nc6 3. Nc3 Nf6 4. g3 g6 5. Bg2 Bg7 6. O-O O-O 7. d4 d6 8. dxc5
dxc5 9. Qxd8 Rxd8 10. Be3 Be6 11. Rac1 Rac8 12. b3 b6 13. Ng5 Bf5 14. Rfd1 Nb4
15. h3 h6 16. Nf3 Ne4 17. Rxd8+ Rxd8 18. Nd5 Nxd5 19. cxd5 Nc3 20. Re1 Nxa2 21.
Nd2 g5 22. f4 Nb4 23. fxg5 Nc2 24. gxh6 Nxe1 25. hxg7 Nxg2 26. Kxg2 Kxg7 27.
Bg5 f6 28. Bf4 Rxd5 29. e4 Rxd2+ 30. Bxd2 Bxe4+ 31. Kf2 a5 32. Ke3 Bc2 33. Bc3
Bxb3 34. Kd3 a4 35. g4 b5 36. Ke4 Kg6 37. h4 b4 38. Ba1 a3 0-1

[Event "24. Copenhagen Open  (Politiken Cup)"]
[Site "Copenhagen"]
[Date "2002.07.20"]
[Round "6"]
[White "Svensson, Bengt"]
[Black "Nielsen, Max"]
[Result "1/2-1/2"]
[WhiteElo "2398"]
[BlackElo "2246"]
[PlyCount "66"]
[EventDate "2002.07.15"]
[EventType "swiss"]
[EventRounds "11"]
[EventCountry "DEN"]
[SourceDate "2004.01.01"]

1. e4 c5 2. Nf3 Nc6 3. d4 cxd4 4. Nxd4 Nf6 5. Nc3 e5 6. Ndb5 d6 7. Bg5 a6 8.
Na3 b5 9. Bxf6 gxf6 10. Nd5 f5 11. Bd3 Be6 12. O-O Bxd5 13. exd5 Ne7 14. c3 Bg7
15. Qh5 e4 16. Bc2 Qc8 17. Rae1 O-O 18. Kh1 Rb8 19. Bb1 b4 20. cxb4 Rxb4 21. b3
Nxd5 22. Nc4 Qe6 23. f3 Nf6 24. Qh3 Rd8 25. Ne3 Rb5 26. fxe4 fxe4 27. Nf5 Re5
28. Re3 Rxf5 29. Qxf5 Qxf5 30. Rxf5 d5 31. h3 d4 32. Rxe4 Nxe4 33. Bxe4 d3
1/2-1/2

[Event "24. Copenhagen Open  (Politiken Cup)"]
[Site "Copenhagen"]
[Date "2002.07.20"]
[Round "6"]
[White "Sylvan, Jacob"]
[Black "Petkovic, Peter"]
[Result "1-0"]
[WhiteElo "2259"]
[BlackElo "2151"]
[PlyCount "59"]
[EventDate "2002.07.15"]
[EventType "swiss"]
[EventRounds "11"]
[EventCountry "DEN"]
[SourceDate "2004.01.01"]

1. e4 c5 2. Nf3 d6 3. d4 cxd4 4. Nxd4 Nf6 5. Nc3 g6 6. Be3 Bg7 7. f3 O-O 8. Qd2
Nc6 9. Bc4 Bd7 10. O-O-O Rc8 11. Bb3 Ne5 12. h4 h5 13. Bg5 Rc5 14. g4 hxg4 15.
f4 Nc4 16. Qe2 b5 17. f5 Qb6 18. h5 Nxh5 19. Qxg4 Nf6 20. Qh4 Nh5 21. Bxe7 b4
22. Nce2 Rfc8 23. Nf4 Bxd4 24. Rxd4 Rxf5 25. Ne2 Rf4 26. Qg5 Rg4 27. Qh6 d5 28.
Rxh5 gxh5 29. Bf6 Qxf6 30. Qxf6 1-0

[Event "24. Copenhagen Open  (Politiken Cup)"]
[Site "Copenhagen"]
[Date "2002.07.20"]
[Round "6"]
[White "Taksrud, Vidar"]
[Black "Frank Nielsen, Marie"]
[Result "1-0"]
[WhiteElo "1888"]
[BlackElo "1544"]
[PlyCount "51"]
[EventDate "2002.07.15"]
[EventType "swiss"]
[EventRounds "11"]
[EventCountry "DEN"]
[SourceDate "2004.01.01"]

1. d4 b6 2. e4 e6 3. Nf3 Bb7 4. Bd3 Nf6 5. e5 Nd5 6. c3 Nc6 7. O-O d6 8. Re1
Qd7 9. exd6 Bxd6 10. c4 Nde7 11. Nc3 O-O-O 12. Be3 Nf5 13. Bxf5 exf5 14. d5 Ne5
15. Nxe5 Bxe5 16. Bd4 Bxd4 17. Qxd4 g6 18. Qf4 Rde8 19. Red1 a6 20. a4 Re7 21.
a5 bxa5 22. c5 Rhe8 23. f3 c6 24. d6 Re5 25. Na4 Qe6 26. d7+ 1-0

[Event "24. Copenhagen Open  (Politiken Cup)"]
[Site "Copenhagen"]
[Date "2002.07.20"]
[Round "6"]
[White "Tozer, Richard"]
[Black "Roeder, Peter Ulrik"]
[Result "1-0"]
[WhiteElo "2312"]
[BlackElo "2174"]
[PlyCount "77"]
[EventDate "2002.07.15"]
[EventType "swiss"]
[EventRounds "11"]
[EventCountry "DEN"]
[SourceDate "2004.01.01"]

1. d4 Nf6 2. c4 g6 3. Nc3 d5 4. cxd5 Nxd5 5. g3 Bg7 6. Bg2 Nb6 7. Nf3 O-O 8.
O-O N8d7 9. Bf4 Nf6 10. Qc1 Bd7 11. Ne5 c6 12. Bh6 Be6 13. Rd1 Nbd5 14. Bxg7
Kxg7 15. e4 Nxc3 16. bxc3 Qa5 17. Qb2 Rab8 18. c4 Kg8 19. d5 cxd5 20. cxd5 Bd7
21. d6 Rfe8 22. dxe7 Rxe7 23. Nc4 Qa6 24. Qb4 Re6 25. e5 Ba4 26. Rd6 Rxd6 27.
Nxd6 Ne8 28. Rc1 Nxd6 29. exd6 Qb5 30. Qf4 Rd8 31. h4 h5 32. Rc7 Qb1+ 33. Kh2
Qxa2 34. Rxb7 Bd7 35. Qf6 Qa5 36. Bd5 Qxd5 37. Qxd8+ Kg7 38. Qxd7 Qf3 39. Rb2
1-0

[Event "24. Copenhagen Open  (Politiken Cup)"]
[Site "Copenhagen"]
[Date "2002.07.20"]
[Round "6"]
[White "Tretvold, Martin"]
[Black "Bilfeldt, Anders"]
[Result "1/2-1/2"]
[WhiteElo "1801"]
[BlackElo "1287"]
[PlyCount "62"]
[EventDate "2002.07.15"]
[EventType "swiss"]
[EventRounds "11"]
[EventCountry "DEN"]
[SourceDate "2004.01.01"]

1. e4 c5 2. Nf3 d6 3. c3 g6 4. d4 cxd4 5. cxd4 Bg7 6. Nc3 Nf6 7. h3 Nc6 8. d5
Ne5 9. Nxe5 dxe5 10. Be3 O-O 11. Bc4 Bd7 12. O-O Qc8 13. Be2 b6 14. Rc1 Qb7 15.
f4 Ne8 16. fxe5 Bxe5 17. Bf4 Bg7 18. Bf3 Rd8 19. d6 exd6 20. e5 Bc6 21. Bxc6
Qxc6 22. Nd5 Qd7 23. Bg5 Rb8 24. Nf6+ Bxf6 25. exf6 Nc7 26. Bf4 Rbd8 27. Qd2
Ne6 28. Rce1 d5 29. Rf3 Qb5 30. Bh2 Kh8 31. Qh6 Qd7 1/2-1/2

[Event "24. Copenhagen Open  (Politiken Cup)"]
[Site "Copenhagen"]
[Date "2002.07.20"]
[Round "6"]
[White "Vang, Finnbjorn"]
[Black "Naes, Flovin Tor"]
[Result "0-1"]
[WhiteElo "1937"]
[BlackElo "2232"]
[PlyCount "82"]
[EventDate "2002.07.15"]
[EventType "swiss"]
[EventRounds "11"]
[EventCountry "DEN"]
[SourceDate "2004.01.01"]

1. e4 c6 2. d4 d5 3. exd5 cxd5 4. c4 Nf6 5. Nc3 Nc6 6. Bf4 Be6 7. c5 g6 8. Nf3
Bg7 9. Bb5 O-O 10. O-O Bg4 11. Bxc6 bxc6 12. Qa4 Bxf3 13. gxf3 Qc8 14. Bg3 Nd7
15. Rac1 e5 16. dxe5 Nxe5 17. Kg2 Qf5 18. f4 Nd3 19. Qxc6 Nxc1 20. Rxc1 Rfd8
21. Bh4 Qg4+ 22. Bg3 Rac8 23. Qb5 d4 24. Nd1 Qf5 25. b4 Qd5+ 26. Kg1 Rb8 27.
Qa5 Re8 28. f3 d3 29. Nf2 Qxf3 30. b5 Rbd8 31. Rf1 Bd4 32. c6 Bb6 33. Qc3 Qd5
34. c7 Rc8 35. f5 Qxf5 36. a4 Re7 37. Qb4 Re2 38. a5 Bxc7 39. Bxc7 Rxc7 40. b6
axb6 41. axb6 Qg5+ 0-1

[Event "24. Copenhagen Open  (Politiken Cup)"]
[Site "Copenhagen"]
[Date "2002.07.20"]
[Round "6"]
[White "Volokitin, Alexander"]
[Black "Christensen, Janus"]
[Result "0-1"]
[WhiteElo "1600"]
[BlackElo "1961"]
[PlyCount "66"]
[EventDate "2002.07.15"]
[EventType "swiss"]
[EventRounds "11"]
[EventCountry "DEN"]
[SourceDate "2004.01.01"]

1. e4 e5 2. Nf3 Nf6 3. Nxe5 d6 4. Nf3 Nxe4 5. d4 d5 6. a3 Bd6 7. c4 c6 8. Nc3
O-O 9. Be3 Nxc3 10. bxc3 Bg4 11. c5 Bc7 12. Be2 Nd7 13. O-O Re8 14. Qd3 g6 15.
h3 Bf5 16. Qd2 Qe7 17. Rae1 b6 18. Bf4 Nf6 19. Bd3 Ne4 20. Bxe4 dxe4 21. Bxc7
Qxc7 22. Ne5 bxc5 23. g4 Bc8 24. Rxe4 f6 25. f4 cxd4 26. cxd4 fxe5 27. fxe5 Ba6
28. Rf6 Rf8 29. g5 Bc4 30. Ref4 Rxf6 31. gxf6 Qd7 32. Qe3 Rb8 33. f7+ Bxf7 {
Time.} 0-1

[Event "24. Copenhagen Open  (Politiken Cup)"]
[Site "Copenhagen"]
[Date "2002.07.20"]
[Round "6"]
[White "Vovk, Oksana"]
[Black "Hagen, Andreas Skytte"]
[Result "0-1"]
[WhiteElo "2077"]
[BlackElo "2185"]
[PlyCount "94"]
[EventDate "2002.07.15"]
[EventType "swiss"]
[EventRounds "11"]
[EventCountry "DEN"]
[SourceDate "2004.01.01"]

1. d4 e6 2. Nf3 Nf6 3. c4 c5 4. e3 cxd4 5. exd4 d5 6. Nc3 Bb4 7. c5 Ne4 8. Qb3
Qa5 9. Bd2 Nc6 10. a3 Nxd2 11. Kxd2 O-O 12. Bd3 Bxc5 13. dxc5 d4 14. Qc4 e5 15.
b4 dxc3+ 16. Kxc3 Qc7 17. Qe4 g6 18. g4 Be6 19. Bc4 Bxc4 20. Qxc4 b6 21. Rhe1
bxc5 22. Qxc5 Rfc8 23. Kb2 Qd7 24. Qe3 Nd4 25. Rac1 Nxf3 26. Qxf3 Qd2+ 27. Kb1
a5 28. Red1 Rxc1+ 29. Rxc1 Rd8 30. Qc3 Qxf2 31. Qxe5 axb4 32. axb4 Qd4 33. Qxd4
Rxd4 34. Rc8+ Kg7 35. Rb8 Rxg4 36. Kc2 Rg2+ 37. Kc3 Rxh2 38. b5 Rh1 39. Kc2 Ra1
40. b6 Ra5 41. b7 Rb5 42. Kc3 h5 43. Kc4 Rb1 44. Kd5 h4 45. Kc6 h3 46. Rd8 h2
47. Rd1 Rxd1 0-1

[Event "24. Copenhagen Open  (Politiken Cup)"]
[Site "Copenhagen"]
[Date "2002.07.21"]
[Round "7"]
[White "Aaberg, Anton"]
[Black "Akesson, Joel"]
[Result "1-0"]
[WhiteElo "2408"]
[BlackElo "2234"]
[PlyCount "89"]
[EventDate "2002.07.15"]
[EventType "swiss"]
[EventRounds "11"]
[EventCountry "DEN"]
[SourceDate "2004.01.01"]

1. d4 Nf6 2. c4 g6 3. g3 Bg7 4. Bg2 O-O 5. Nc3 d6 6. Nf3 c6 7. O-O Na6 8. e4 e5
9. h3 Qb6 10. Re1 Qb4 11. Bf1 exd4 12. Nxd4 Nc5 13. Nc2 Qb6 14. e5 dxe5 15. Be3
Rd8 16. Qc1 a5 17. Na4 Nxa4 18. Bxb6 Nxb6 19. Rxe5 Nfd7 20. Re7 Ne5 21. Qe3 Bf5
22. Rxe5 Bxe5 23. Qxe5 Bxc2 24. Qe3 Nd7 25. g4 g5 26. Qxg5+ Bg6 27. Rd1 f6 28.
Qd2 Bf7 29. Qd6 Nc5 30. Qxd8+ Rxd8 31. Rxd8+ Kg7 32. f3 a4 33. Kf2 Bg6 34. Ke3
f5 35. Bd3 Nxd3 36. Rxd3 f4+ 37. Kd2 Kf6 38. Rd7 Kg5 39. Rxb7 Kh4 40. Rb4 Kxh3
41. Rxa4 Kg3 42. Ra3 c5 43. Ke2 h5 44. gxh5 Bxh5 45. Rc3 1-0

[Event "24. Copenhagen Open  (Politiken Cup)"]
[Site "Copenhagen"]
[Date "2002.07.21"]
[Round "7"]
[White "Andersen, Esben"]
[Black "Vovk, Oksana"]
[Result "0-1"]
[WhiteElo "1690"]
[BlackElo "2077"]
[PlyCount "90"]
[EventDate "2002.07.15"]
[EventType "swiss"]
[EventRounds "11"]
[EventCountry "DEN"]
[SourceDate "2004.01.01"]

1. c4 e5 2. g3 Nf6 3. Bg2 d5 4. cxd5 Nxd5 5. Nc3 Nb6 6. Nf3 Nc6 7. O-O Be7 8.
b3 O-O 9. Bb2 Be6 10. d3 f5 11. e3 Bf6 12. Ne1 Qd7 13. Ne2 Rad8 14. f4 Nd5 15.
Bxd5 Bxd5 16. fxe5 Nxe5 17. Nd4 Ng4 18. Qd2 c5 19. Nxf5 Bxb2 20. Qxb2 Rxf5 21.
Rxf5 Qxf5 22. e4 Bxe4 23. dxe4 Qxe4 24. Ng2 Ne5 25. Kh1 Nf3 26. Qf2 b6 27. Qf1
Rd2 28. Rd1 Qe2 29. Qxe2 Rxe2 30. Rd8+ Kf7 31. Rd7+ Re7 32. Rd3 Ne1 33. Rd2
Nxg2 34. Kxg2 Ke6 35. Kf3 Rd7 36. Re2+ Kd6 37. Rd2+ Kc6 38. Re2 Kb5 39. Kg4 Kb4
40. Kf5 Kc3 41. Ke6 Rd2 42. Rxd2 Kxd2 43. Kf7 g5 44. Kf6 g4 45. Kg5 h5 0-1

[Event "24. Copenhagen Open  (Politiken Cup)"]
[Site "Copenhagen"]
[Date "2002.07.21"]
[Round "7"]
[White "Andreasen, Bjarke"]
[Black "Nielsen, Jens Holm"]
[Result "1-0"]
[WhiteElo "1616"]
[BlackElo "2098"]
[PlyCount "69"]
[EventDate "2002.07.15"]
[EventType "swiss"]
[EventRounds "11"]
[EventCountry "DEN"]
[SourceDate "2004.01.01"]

1. d4 d5 2. c4 dxc4 3. Nf3 a6 4. e3 e6 5. Bxc4 Nf6 6. O-O c5 7. Qe2 cxd4 8.
Nxd4 Bd6 9. Rd1 Qc7 10. Nf3 O-O 11. b3 Nbd7 12. Bb2 b5 13. Bd3 Ne5 14. Nxe5
Bxe5 15. Bxe5 Qxe5 16. Nd2 Bb7 17. a4 b4 18. e4 Qh5 19. f3 Qc5+ 20. Kh1 Rfd8
21. Rac1 Qd4 22. Nc4 Qa7 23. a5 Rac8 24. Qe1 Rc5 25. Qxb4 Rb5 26. Qc3 Qd4 27.
Qxd4 Rxd4 28. Nd6 Rxb3 29. Nxb7 g6 30. Bxa6 Rxd1+ 31. Rxd1 Kg7 32. h3 Nh5 33.
Ra1 Nf4 34. Nd6 Rb2 35. Bf1 1-0